Tribes of Koraput/ (Record no. 191361)

MARC details
000 -LEADER
fixed length control field 00587nam a22002057a 4500
005 - DATE AND TIME OF LATEST TRANSACTION
control field 20220831124637.0
010 ## - LCCN (DPL NO)
LC control number ENG-134544
020 ## - INTERNATIONAL STANDARD BOOK NUMBER
Terms of availability 225.00
035 ## - SYSTEM CONTROL NUMBER
System control number EN-118176
037 ## - SOURCE OF ACQUISITION
Source of stock number/acquisition DBAD/PUB
082 ## - DEWEY DECIMAL CLASSIFICATION NUMBER
Classification number 572.078
100 ## - MAIN ENTRY--PERSONAL NAME
Personal name Mohanti, K.K.
245 ## - TITLE STATEMENT
Title Tribes of Koraput/
Statement of responsibility, etc K.K. Mohanti, P.C. Mohapatro and J. Samal
260 ## - PUBLICATION, DISTRIBUTION, ETC. (IMPRINT)
Place of publication, distribution, etc Odisha
Name of publisher, distributor, etc Council of Analytical Tribal Studies
Date of publication, distribution, etc 2021
270 ## - ADDRESS
Address Koraput
City Odisha
Electronic mail address coatskoraput.co.in
300 ## - PHYSICAL DESCRIPTION
Extent 100p.
Dimensions 24cm(pbk)
700 ## - ADDED ENTRY--PERSONAL NAME
Personal name Mohapatro, P.C.
700 ## - ADDED ENTRY--PERSONAL NAME
Personal name Samal, J
942 ## - ADDED ENTRY ELEMENTS (KOHA)
Source of classification or shelving scheme Dewey Decimal Classification
Item type English Books
Classification part 572.078
Call number suffix MOH
Holdings
Withdrawn status Lost status Not for loan Collection code Home library Current library Date acquired Source of acquisition Cost, normal purchase price Full call number Barcode Copy number Cost, replacement price Koha item type
      Non-fiction Bawana Bawana 25/08/2022 DBAD/PUB 225.00 572.078 MOH EN-118176 1 225.00 English Books

© Delhi Public Library
Hit Counter
free hit counter